Analog Electronics/ (Record no. 187084)

MARC details
000 -LEADER
fixed length control field 00633nam a22001937a 4500
005 - DATE AND TIME OF LATEST TRANSACTION
control field 20220331105305.0
010 ## - LCCN (DPL NO)
LC control number ENG-132176
020 ## - INTERNATIONAL STANDARD BOOK NUMBER
International Standard Book Number 9788195391998
Terms of availability 820.00
035 ## - SYSTEM CONTROL NUMBER
System control number EN-115708
037 ## - SOURCE OF ACQUISITION
Source of stock number/acquisition DBAD/PUB
082 ## - DEWEY DECIMAL CLASSIFICATION NUMBER
Classification number 621.381
100 ## - MAIN ENTRY--PERSONAL NAME
Personal name Amarnath, G.
245 ## - TITLE STATEMENT
Title Analog Electronics/
Statement of responsibility, etc G. Amarnath and K. S. Monica
260 ## - PUBLICATION, DISTRIBUTION, ETC. (IMPRINT)
Place of publication, distribution, etc Hyderabad
Name of publisher, distributor, etc SriKrishna Techno Books
Date of publication, distribution, etc 2021
270 ## - ADDRESS
Address #326, III Floor, Surneni Nilayam Near B K Guda Park, S R Nagar
Electronic mail address studentshelpline.in@gmail.com
Postal code 500038
City Hyderabad
300 ## - PHYSICAL DESCRIPTION
Extent xii, 344p.
Dimensions 24cm(pbk)
700 ## - ADDED ENTRY--PERSONAL NAME
Personal name Monica, K.S.
942 ## - ADDED ENTRY ELEMENTS (KOHA)
Source of classification or shelving scheme Dewey Decimal Classification
Item type English Books
Call number suffix AMA
Classification part 621.381
Holdings
Withdrawn status Lost status Not for loan Collection code Home library Current library Date acquired Source of acquisition Cost, normal purchase price Full call number Barcode Copy number Cost, replacement price Koha item type
      Non-fiction Central Library Central Library 31/03/2022 DBAD/PUB 820.00 621.381 AMA EN-115708 1 820.00 English Books

© Delhi Public Library
Hit Counter
free hit counter